LEADER 00921nam0-22002891i-450- 001 990007992570403321 005 20060301142001.0 035 $a000799257 035 $aFED01000799257 035 $a(Aleph)000799257FED01 035 $a000799257 100 $a20050126d1911----km-y0itay50------ba 101 0 $aita 102 $aIT 105 $ay---n---101yy 200 1 $a<>lavoro a domicilio in Milano$esaggio di un'inchiesta compiuta nel 1908$ediscussione dei risultati nella seduta del 2 maggio 1911$eatti del Museo sociale della Societā umanitaria in Milano 210 $aMilano$cSocietā Umanitaria$d1911 215 $a80 p.$d26 cm 676 $a344$v21$zita 710 02$aSocietā Umanitaria$072152 801 0$aIT$bUNINA$gRICA$2UNIMARC 901 $aBK 912 $a990007992570403321 952 $aVII F 113$b1093$fFGBC 959 $aFGBC 996 $aLavoro a domicilio in Milano$9751835 997 $aUNINA LEADER 00891nam0-22002891i-450 001 990004021600403321 005 20250417100405.0 035 $a000402160 035 $aFED01000402160 035 $a(Aleph)000402160FED01 100 $a19990604d1986----km-y0itay50------ba 101 0 $aeng 105 $ay-------001yy 200 1 $aMarriage and love in England 1300-1840$emodes of reproduction$fAlan Macfarlane 210 $aNew York$cBlackwell$d1986 215 $aXI, 380 p.$d23 cm 610 0 $aMatrimonio$aInghilterra$aStoria 676 $a306.810942$v21$zita 700 1$aMacfarlane,$bAlan$0142722 801 0$aIT$bUNINA$gRICA$2UNIMARC 901 $aBK 912 $a990004021600403321 952 $a306.81 MAC 1$bDIP.DISC.ST.298$fFLFBC 952 $a306.81 MAC 1 (BIS)$bD.D.S.2417$fFLFBC 959 $aFLFBC 996 $aMarriage and love in England 1300-1840$94351642 997 $aUNINA